Normal view
MARC view
- Rock mechanics.
Entry Topical Term
001 - CONTROL NUMBER
- control field: 23489
003 - CONTROL NUMBER IDENTIFIER
- control field: NUST
005 - DATE AND TIME OF LATEST TRANSACTION
- control field: 20191010185317.0
008 - FIXED-LENGTH DATA ELEMENTS
- fixed length control field: 191010|| aca||aabn | a|a d
040 ## - CATALOGING SOURCE
- Original cataloging agency: NUST
- Transcribing agency: NUST
150 ## - HEADING--TOPICAL TERM
- Topical term or geographic name entry element: Rock mechanics.
670 ## - SOURCE DATA FOUND
- Source citation: Work cat.: (NUST)0: Obert, Leonard, 23488, Rock mechanics and the design of structures in rock, [1967]
